000 00632nam a2200181 4500
003 CO-ViMGA
020 _a9788573951578
040 _aCO-ViMGA
_bspa
_cCO-ViMGA
082 0 4 _a598 V11l
100 1 _aVargas Clavijo, Mauricio
_96286
245 1 0 _aLos limpiadores de los cielos :
_bFactos y Folclor de los zopilotes, aves dueƱas del imaginario Latinoamericano
_cMauricio Vargas Clavijo
260 _aFeira de Santana :
_c2008.
300 _a207 p. :
_bIl. imagenes ; 22. cm.
500 _aGallinazo, parecido al cuervo.
650 1 4 _aFolklor, Literatura
_96287
700 1 _aCosta Neto,Eraldo Medeiros
_ecoaut.
_96288
942 _2ddc
_cBK
999 _c37492
_d37492